Introduction to Islamic banking and finance / (Record no. 17322)

MARC details
000 -LEADER
fixed length control field 00914cam a22002895a 4500
001 - CONTROL NUMBER
control field 015668792
003 - CONTROL NUMBER IDENTIFIER
control field OSt
005 - DATE AND TIME OF LATEST TRANSACTION
control field 20160829140815.0
008 - FIXED-LENGTH DATA ELEMENTS--GENERAL INFORMATION
fixed length control field 101005s2011 enka frbd 001 0 eng d
020 ## - INTERNATIONAL STANDARD BOOK NUMBER
International Standard Book Number 9780470978047
040 ## - CATALOGING SOURCE
Original cataloging agency EG-ScBUE
Language of cataloging eng
Transcribing agency EG-ScBUE
082 04 - DEWEY DECIMAL CLASSIFICATION NUMBER
Classification number 332.1091767
Edition number 22
Item number KET
100 1# - MAIN ENTRY--PERSONAL NAME
Personal name Kettell, Brian.
9 (RLIN) 32712
245 10 - TITLE STATEMENT
Title Introduction to Islamic banking and finance /
Statement of responsibility, etc Brian Kettell.
260 ## - PUBLICATION, DISTRIBUTION, ETC. (IMPRINT)
Place of publication, distribution, etc Chichester :
Name of publisher, distributor, etc John Wiley & Sons Ltd.,
Date of publication, distribution, etc 2011.
300 ## - PHYSICAL DESCRIPTION
Extent xv, 174 p. :
Other physical details ill. ;
Dimensions 25 cm.
490 0# - Series Statement
Series statement Wiley finance series
500 ## - GENERAL NOTE
General note Glossary : p. 151-156.
500 ## - GENERAL NOTE
General note Index : p. 165-167.
504 ## - BIBLIOGRAPHY, ETC. NOTE
Bibliography, etc Bibliography : p. 157-164.
650 #7 - SUBJECT ADDED ENTRY--TOPICAL TERM
Topical term or geographic name as entry element Banks and banking
Geographic subdivision Islamic countries.
9 (RLIN) 28054
Source of heading or term BUEsh
651 ## - SUBJECT ADDED ENTRY--GEOGRAPHIC NAME
Source of heading or term BUEsh
653 ## - INDEX TERM--UNCONTROLLED
Resource For college BAEPS, Business Administration
Arrived date list February2013
-- October2015
655 ## - INDEX TERM--GENRE/FORM
Form subdivision Text book
-- 33728
650 #0 - SUBJECT ADDED ENTRY--TOPICAL TERM
9 (RLIN) 32713
Topical term or geographic name as entry element Finance
Geographic subdivision Islamic countries
Source of heading or term BUEsh
942 ## - ADDED ENTRY ELEMENTS (KOHA)
Source of classification or shelving scheme Dewey Decimal Classification
Item type Book - Borrowing
Holdings
Withdrawn status Item status Source of classification or shelving scheme Damaged status Not for loan Vendor Home library Current library Shelving location Date acquired Source of acquisition Total Checkouts Total Renewals Full call number Barcode Date last seen Date last borrowed Koha item type Checked out
    Dewey Decimal Classification     Baccah Central Library Central Library First floor 26/02/2013   8 79 332.1091767 KET 000028364 15/07/2025 29/10/2018 Book - Borrowing  
    Dewey Decimal Classification     Baccah Central Library Central Library First floor 25/10/2015 Purchase     332.1091767 KET 000031069 15/07/2025   NB - Book (Non borrowing)  
    Dewey Decimal Classification     Baccah Central Library Central Library First floor 25/10/2015 Purchase 4 21 332.1091767 KET 000031070 15/07/2025 08/01/2019 Book - Borrowing  
    Dewey Decimal Classification     Baccah Central Library Central Library First floor 25/10/2015 Purchase 3 5 332.1091767 KET 000031071 15/07/2025 15/11/2021 Book - Borrowing  
    Dewey Decimal Classification     Baccah Central Library Central Library First floor 25/10/2015 Purchase 3 30 332.1091767 KET 000031072 10/07/2018 10/07/2018 Book - Borrowing 14/11/2022